LEADER 01449nam a2200289 a 4500 001 000000130046 003 CaOOAMICUS 005 20120912161226.0 008 120912s2011 be u000 u fre r 020 $a978-90-5867-882-9 040 $aPUL$bita 100 1 $aSmeesters, Aline.$0(OLS)http://pul/name/83292 245 10$aAux rives de la lumière :$bla poésie de la naissance chez les auteurs néo-latins des anciens Pays-Bas entre la fin du 15. siècle et le milieu du 17. siècle /$cAline Smeesters. 260 $aLeuven :$bLeuven University Press,$c2011. 300 $a453 p. ;$c21 cm 490 1 $aSupplementa Humanistica Lovaniensia ;$v29 500 $aInclude indici. 504 $aBibliografia p. [585]-602. 651 4$aPaesi Bassi$xLetteratura$ySec. XV-XVII.$0(OLS)http://pul/subject/38901 830 0$aSupplementa humanistica Lovaniensia ;$v29.$0(OLS)http://pul/title/64999 850 $aPUL 852 $aPUL$W1$xDP1 Riviste Correnti$y15$m1079 I 29$j150576$qPeriodici$B149133$CPULBib$Z2$F149133 $H120301 $82 941 1 $a5 996 $6020$a978-90-5867-882-9$9(OLS)http://pul/number/150474 996 $6245$aAux rives de la lumière :$bla poésie de la naissance chez les auteurs néo-latins des anciens Pays-Bas entre la fin du 15. siècle et le milieu du 17. siècle$9(OLS)http://pul/title/164375 996 $6260$aLeuven :$bLeuven University Press$9(OLS)http://pul/publisher/48301 LEADER 01526nam a2200265 u 4500 001 000000055595 003 CaOOAMICUS 005 20070226115812.0 008 010213s1992 it u000 u ita u 035 $a10867592 040 $aPUL(R)$bita 110 1 $aSinodo dei Vescovi.$bAssemblea speciale$d(1991).$0(OLS)http://pul/name/39063 245 10$aTestimoni di Cristo :$bdocumenti ufficiali dell'Assemblea speciale del Sinodo dei Vescovi per l'Europa: Ut testes simus Christi qui nos liberavit"/Sintesi originali degli interventi e "Dichiarazione" finale dei Padri Sinodali /$ca cura di Massimo Ubaldi. 260 $aRoma :$bLogos,$cc1992. 300 $a150 p. ;$c21 cm 490 1 $aEcclesia : studi, ricerche, documenti di vita ecclesiale ;$v12 650 4$aConcili e sinodi.$0(OLS)http://pul/subject/1553 700 1 $aUbaldi, Massimo.$0(OLS)http://pul/name/32208 830 0$aEcclesia : studi, ricerche, documenti di vita ecclesiale ;$v12.$0(OLS)http://pul/title/74398 850 $aPUL 852 $aPUL$W1$xCollocazioni Temporanee$y24$mGP2 B VI.3$j73061$nBK-PRI$b $qStampati$B73061$CPULBib$Z2$F73061 $H $81 941 1 $a8 961 $aINV: 0494 996 $6245$aTestimoni di Cristo :$bdocumenti ufficiali dell'Assemblea speciale del Sinodo dei Vescovi per l'Europa: Ut testes simus Christi qui nos liberavit"/Sintesi originali degli interventi e "Dichiarazione" finale dei Padri Sinodali$9(OLS)http://pul/title/74399 996 $6260$aRoma :$bLogos$9(OLS)http://pul/publisher/52093